000
00329nam a2200133Ia 4500
100
_a
Colley/ J.L. Jr./ Landel/ R.D.
942
_c
BK
654
_a
Operations planning & control.
245
_a
Operations planning & control
260
_b
Holden Day
_a
SanFracisco
_c
1978
082
_a
658.401
300
_a
308
546
_a
ENGLISH
999
_c
23045
_d
23045